Statistics for Famous professors, real & fictional

Click here to take the quiz!

General Stats

  • This quiz has been taken 26 times
  • The average score is 7 of 23

Answer Stats

HintProfessor% Correct
RealScottish scientist who patented the first telephoneAlexander Graham Bell
90%
FictionalHe did it in the library with the daggerProfessor Plum
70%
RealDeveloped the 'Big bang' theoryStephen Hawking
60%
FictionalLeader of the X-MenProfessor Charles Xavier
60%
FictionalIndiana Jones' dadProfessor Henry Jones Sr.
55%
RealTheoretical physicist born in UlmAlbert Einstein
55%
FictionalHe bet he could train Eliza Doolittle to pass as a duchessProfessor Henry Higgins
45%
FictionalOldest of the professors in Pokémon named after a treeProfessor Oak
35%
RealWrote 'I Know Why the Caged Bird Sings'Maya Angelou
35%
RealBiologist and outspokien atheistRichard Dawkins
30%
FictionalSci-fi rom-com professor portrayed by both Jerry Lewis and Eddie MurphyThe Nutty Professor
30%
FictionalSimpsons character who'll 'make you laugh, and make you think'Professor Frink
20%
FictionalGoes round St Mystere solving puzzlesProfessor Layton
15%
RealUS secretary of state 1997-2001Madeleine Albright
15%
FictionalFry's great great great great grandnephew in FuturamaHubert Farnsworth
15%
RealWrote 'Ragtime', 'Billy Bathgate' and 'The March'E. L. Doctorow
10%
RealBritish paleopathologist and presenter of 'Ice Age Giants'Alice Roberts
5%
FictionalAnd his rivalWornstrom
5%
RealCo-creator of Multi-User Dungeon or MUD1Richard Bartle
0%
RealUS Supreme Court's 112th justiceElena Kagan
0%
RealReductionist philosopher who wrote 'What's It Like To Be A Bat?'Thomas Nagel
0%
FictionalCharacter of series of books that Norman Hunt wrote over 50 yearsProfessor Theophilus Branestawm
0%
FictionalOracular avian bookend in 'Bagpuss'Professor Yaffle
0%

Score Distribution

Percentile by Number Answered

Percent of People with Each Score

Your Score History

You have not taken this quiz